000 00677nam a22002057a 4500
999 _c18311
_d18311
003 AR-CdUCM
008 190513b ||||| |||| 00| 0 spa d
040 _aMUNICIPALIDAD PROVINCIAL DEL CUSCO
_cBIBLIOTECA MUNICIPAL DEL CUSCO
082 _a869.23 /
_bS23
100 _aSarmiento, D . F.
_938827
245 _aVidas de Fray Félix Aldao y El Chacho /
260 _aBuenos Aires :
_bArgos,
_c1947.
300 _a236 páginas ;
_c21 cm.
440 _aBiblioteca argos ;
_938828
505 _aContenido: Ultimo caudillo de la montanera de los llanos ...
650 _aLiteratura Argentina
_984
650 _aSiglo XIX.
_9971
942 _2ddc
_cLIBROS
945 _aacv
_d2019-05-13